1255 1863 1117 1745 1199 1985 1262 1910 1082 1487 1882 1968 1976 1461 1278 1644 1274 1926 1606 1124 1411 1945 1819 1610 1549 1052 1566 1061 1403 1687 1890 1214 1836 1556 1811 1246 1789 1896 1045 1508 1601 1025 1579 1708 1610 1663 1725 1663 1018 1001 1898 1050 1439 1293 1451 1079 1361 1219 1191 1923 1322 1300 1464 1607 1180 1311 1857 1766 1308 1781 1860 1811 1966 1162 1957 1959 1671 1325 1221 1617 1540 1480 1290 1692 1304 1356 1333 1386 1196 1455 1633 1432 1672 1438 1688 1294 1983 1623 1020 BCNSPRNW ULIB Ver.6.0+V

เปลี่ยนเป็นภาษาไทย

Change to English
 แสดงรายละเอียดบรรณานุกรม
  กลับหน้าหลัก

Brief Record : Get Marc (ISO 2709) : E-mail record : QR code < ปิดหน้าต่าง
LEADER : 00000nam 2200000uu 4500
001    13399129128
003     ULIB
008    250718s2025||||th 000 0 tha d
020    ^a9780323880862
060 0  ^aWZ17^bN474T^cV.5
100 1  ^aNetter, Frank h.^q(frank henry)
245 1   ^aThe Netter collection of medical illustrations. ^nVolume 5, ^pUrinary system ^h[electronic resource] : ^ba compilation of paintings / ^cprepared by Frank H. Netter ; edited by Christopher R Kelly, Jaime Landman.
246 3  ^aUrinary system
250    ^a3rd ed.
260    aPhiladelphia, Pa. ; ^aLondon : ^bElsevier Saunders,^c2025.
300    ^a1 online resource : ^bcol. ill.
650  0 ^aUrinary organs^xDiseases^vAtlases.
650  0 ^aUrology^vAtlases.
653    ^aClinicalKey.
655  0 ^aElectronic books.
700 1  ^aKelly, Christopher r.
700 1  ^aLandman, Jaime.
700 1  ^aNetter, Frank h.^q(frank henry)^d1906-1991.^tCiba collection of medical illustrations.
945    ^p3391^l0^i011887
999    ^aประนอม เกษจรัล
รายการนี้ยังไม่มีแท็ก
คุณยังไม่ได้ล็อกอิน คุณสามารถมีกิจกรรมร่วมกับเว็บไซต์ได้ แต่ต้องล็อกอินก่อน ::
  ล็อกอิน

รายการสื่อสารสนเทศ

ลำดับที่ ประเภท เลขเรียก/บาร์โค้ด สถานที่ สถานะ
1. วิทยาศาสตร์การแพทย์ และสุขภาพ
หนังสือสำรอง
สถานะ=หนังสือสำรอง
WZ17 N474T V.5 ฉ.1 
  Barcode: 011887
ห้องสมุดวิทยาเขตสวรรค์ประชารักษ์
►หนังสือทั่วไป
บนชั้น

รายการใกล้เคียง
    ผู้แต่ง [Netter, Frank h. (frank henry)]

BibComment


ยังไม่เคยถูกคอมเมนท์

คอมเมนท์ทรัพยากรรายการนี้
  คอมเมนท์: The Netter coll..


 Copyright 2026. Bcnsprnw @Library